| 000 | 00650nam a2200229Ia 4500 | ||
|---|---|---|---|
| 003 | OSt | ||
| 005 | 20220928113714.0 | ||
| 006 | a|||||r|||| 00| 0 | ||
| 007 | ta | ||
| 008 | 220927b |||||||| |||| 00| 0 eng d | ||
| 024 | _a42438 | ||
| 037 | _cTextual | ||
| 040 |
_aSDCL _cSDCL _beng |
||
| 041 |
_2eng _aeng |
||
| 082 | _aV2,94'J, K2 | ||
| 100 |
_aIrvine William _9434594 |
||
| 245 | 0 |
_aArmy of the Indian Moghuls _b Its organization and administration |
|
| 260 |
_aNew Delhi _bEurasia P{ublishing House _c1962 |
||
| 300 |
_avii,324p _ccm. |
||
| 942 |
_hV2,94'J, K2 _cTEXL _2CC |
||
| 999 |
_c750901 _d750901 |
||